000 01186nam a22002537a 4500
005 20240305165543.0
007 cr|||| ||||
008 200311s2019 co |||||s|||| 00||0 spa d
020 _a978-958-771-872-0
035 _a31253
040 _avLex
090 _c10232
_d10232
100 1 _aMesa Velásquez, Gloria Stella
245 1 0 _aFundamentos de contabilidad con NIC y normas internacionales de información financiera
_h[Recurso electrónico] /
_cGloria Stella Mesa Velásquez, Alejandro García Lopera
256 _aServicio en línea
260 _aBogotá:
_bECOE,
_c2019
300 _a1 recurso electrónico
506 1 _aDisponible solo en los productos indicados
_dvLex Global
_dvLex Global (Academic Edition, excluding Law Schools)
_dvLex Global (U.S. Academic Edition, Law Schools)
_dvLex Global (U.S. Academic Edition, excluding Law Schools)
_dvLex Global (Academic Edition, Law Schools)
650 0 4 _aEconomía y negocios
_zColombia
700 1 _aGarcía Lopera, Alejandro
740 0 _avLex Libros (Servicio en línea)
856 4 0 _uhttps://app.vlex.com/#/sources/fundamentos-contabilidad-nic-normas-internacionales-informacion-financiera-31253
942 _cRAA
999 _c168468
_d168468